Joueurs champions de Premier League - Mort subite - Statistiques

Statistiques générales
  • Ce quiz a été pris 1 661 fois
  • Le résultat moyen est 8 sur 20
Answers on the Grid
Answers color-coded by a green-red scale on the quiz's grid according to % correct below.
Sergio Agüero
Granit Xhaka
Jamie Vardy
Robert Pirès
N’Golo Kanté
Roberto Firmino
Steven Gerrard
Wayne Rooney
Romelu Lukaku
Fabian Delph
Éric Cantona
Jadon Sancho
Riyad Mahrez
Harry Kane
Olivier Giroud
Shinji Kagawa
Jonny Evans
Kevin De Bruyne
Xherdan Shaqiri
Petr Čech
Michael Owen
Gary Lineker
Nani
Rodri
Paul Pogba
Kieran Trippier
Didier Drogba
Gareth Bale
David Silva
Jamie Carragher
Arjen Robben
Hatem Ben Arfa
 
Statistiques - réponses
Réponse % Correct
Kevin De Bruyne
63%
Riyad Mahrez
62%
N’Golo Kanté
61%
Rodri
59%
Jamie Vardy
57%
Sergio Agüero
57%
Wayne Rooney
55%
Roberto Firmino
54%
Didier Drogba
48%
David Silva
47%
Petr Čech
46%
Éric Cantona
40%
Robert Pirès
40%
Nani
37%
Michael Owen
25%
Xherdan Shaqiri
23%
Fabian Delph
22%
Jonny Evans
21%
Arjen Robben
13%
Shinji Kagawa
13%
Aucun quiz correspondant
Distribution des résultats
% des personnes avec chaque résultat
Percentile par nombre de réponses
Votre historique - résultats
Vous n’avez pas pris ce quiz